| 000 | 01010cam a2200241 i 4500 | ||
|---|---|---|---|
| 999 |
_c58244 _d58244 |
||
| 001 | 21534088 | ||
| 005 | 20221106104748.0 | ||
| 006 | m |o d | | ||
| 007 | cr ||||||||||| | ||
| 008 | 200515s2021 enk ob 001 0 eng | ||
| 020 | _a9780367349745x | ||
| 080 | _a374.33 H-66 | ||
| 100 | 1 |
_aHillman, Daniel _912593 |
|
| 245 | 1 | 0 |
_aBest practices for administering online programs / _cDaniel Hillman, Robert Schudy, Anatoly Temkin. |
| 264 | 1 |
_aNew York, NY : _bRoutledge/Taylor & Francis Group, _c2021. |
|
| 300 |
_a205 p. _b23 cm. |
||
| 490 | 0 | _aBest practices in online teaching and learning | |
| 653 | _aსაუკეთესო პრაქტიკა ონლაინ პროგრამების ადმინისტრირებისთვის | ||
| 653 | _aვებ დაფუძნებული ინსტრუქცია | ||
| 700 | 1 |
_aSchudy, Robert, _eავტორი _912594 |
|
| 700 | 1 |
_aTemkin, Anatoly, _eავტორი _912595 |
|
| 942 |
_2udc _cBK |
||